| 000 | 00407cam a2200145ua 4500 | ||
|---|---|---|---|
| 041 |
_aeng _h |
||
| 082 |
_a828.09 _bMAT/AC |
||
| 100 | _aMatthiesson, F.O . | ||
| 245 |
_aAchievement of T.S Eliot: An essay on the nature of poetry / _cF.O Matthiesson. _hTextual Documents |
||
| 260 |
_aNew York : _bOxford University Press , _c1963. |
||
| 300 | _a248 ; . | ||
| 504 | _a | ||
| 942 | _cBK | ||
| 999 |
_c8645 _d8645 |
||